Removing a barrier to progress: A reassessment of the lower subansiri project (Record no. 102941)

000 -LEADER
fixed length control field 00400pab a2200157 454500
008 - FIXED-LENGTH DATA ELEMENTS--GENERAL INFORMATION
fixed length control field 180718b2014 xxu||||| |||| 00| 0 eng d
100 ## - MAIN ENTRY--PERSONAL NAME
Personal name Buchanan, James M.
245 ## - TITLE STATEMENT
Title Removing a barrier to progress: A reassessment of the lower subansiri project
260 ## - PUBLICATION, DISTRIBUTION, ETC.
Date of publication, distribution, etc. 2014
300 ## - PHYSICAL DESCRIPTION
Extent p.63-77.
362 ## - DATES OF PUBLICATION AND/OR SEQUENTIAL DESIGNATION
Dates of publication and/or sequential designation Jan-Mar
650 ## - SUBJECT ADDED ENTRY--TOPICAL TERM
Topical term or geographic name entry element Dams
773 ## - HOST ITEM ENTRY
Main entry heading Social Action
908 ## - PUT COMMAND PARAMETER (RLIN)
Put command parameter N
909 ## -
-- 102943
Holdings
Withdrawn status Lost status Damaged status Not for loan Permanent Location Current Location Date acquired Serial Enumeration / chronology Barcode Date last seen Price effective from Koha item type
        Indian Institute of Public Administration Indian Institute of Public Administration 2018-07-19 Volume no: 64, Issue no: 1 AR103403 2018-07-19 2018-07-19 Articles

Powered by Koha